Movies Quiz

Random Movies or Century Quiz

Dynamic Movies Quiz Stats

 Plays Quiz Updated Dec 24, 2016

Challenge
Share
Tweet
Score 0/50 Timer 10:00
1 Play Today
# Film Title % Correct
28Jaws
92.3%
32The Sound of Music
90.7%
35Star Wars (Episode iv: A New Hope)
89.9%
46The Adventures of Robin Hood
89.9%
41Psycho
88%
4The Wizard of Oz
87.7%
3The Godfather
84.8%
1Casablanca
80.7%
8Singin' in the Rain
80.1%
45Oliver!
80.1%
49The Graduate
78.1%
34The Exorcist
78%
9Gone With The Wind
76.3%
47Hamlet
72.4%
10One Flew Over the Cuckoo's Nest
69.6%
25West Side Story
69.4%
6It's a Wonderful Life
68.5%
42Annie Hall
62.7%
39Raging Bull
61.9%
36Amadeus
60.8%
31Some Like It Hot
59.9%
19Ben-Hur
59.3%
262001: A Space Odyssey
54.6%
38Cabaret
54.4%
20The Godfather: Part II
53.6%
# Film Title % Correct
50Mr. Smith Goes to Washington
52.6%
2Citizen Kane
50%
7Schindler's List
45.9%
30A Streetcar Named Desire
38.1%
11On the Waterfront
38%
33Network
35.7%
12The Grapes of Wrath
34.7%
43The Maltese Falcon
33.2%
21The Bridge on the River Kwai
33.1%
23The French Connection
33.1%
44All Quiet on the Western Front
32.4%
13Dr. Strangelove
31.9%
16Sunset Boulevard
29.1%
17Chinatown
28.1%
14All About Eve
21.9%
15The Treasure of the Sierra Madre
18.1%
37Who's Afraid of Virginia Woolf?
17.3%
48Double Indemnity
17.3%
40The Searchers
17%
5Lawrence of Arabia
15.6%
29The Wild Bunch
12.9%
27A Man for All Seasons
9.8%
24The Best Years of Our Lives
7.2%
18The Third Man
6.9%
22How Green Was My Valley
6%

You're not logged in!

Compare scores with friends on all Sporcle quizzes.
OR
Log In

You Might Also Like...

Show Comments

Extras

Top Quizzes Today


Score Distribution

Your Account Isn't Verified!

In order to create a playlist on Sporcle, you need to verify the email address you used during registration. Go to your Sporcle Settings to finish the process.

Report this User

Report this user for behavior that violates our Community Guidelines.

Details: